| 000 | 01835nam a2200229Ia 4500 | ||
|---|---|---|---|
| 999 |
_c2657 _d2657 |
||
| 008 | 200103s 2006 ||||xx |||||||||||||| ||und|| | ||
| 020 | _a9780713667318 | ||
| 082 |
_a623.85 _bJAC |
||
| 100 | _aJackson, Leslie | ||
| 245 | 0 | _aReed's instrumentation and control systems | |
| 250 | _a4th | ||
| 260 |
_bAdlard Coles Nautical _c1992 _aLondon |
||
| 300 | _a359 p. : ill. | ||
| 440 | _aReed's marine engineering series | ||
| 504 | _a1.Temperature Measurement 2. Pressure Measurement 3. Level Measurement 4. Flow Measurement 5. Other Measurements 6. Telemetering 7. Electronic Devices 8. Final Controlling Elements 9. Process Control Theory 10. Pneumatic Control Principles 11. Electronic Control Principles 12. Actual Controller Types 13. Typical Control Circuits 14. Kinetic Control Systems 15. Control System Analysis 16. Logic and Computing | ||
| 520 | _aAiming to bridge the gap between the mathematical treatment often used by specialist control engineers and the (necessarily) narrow descriptive literature of a particular manufacturer, this book covers the requirements of DoT and all BTEC and SCOTVEC syllabuses for Marine Engineer Officers and Cadets. Test examples and speciment exam questions are provided, along with many explanatory diagrams. This book is written primarily for those with a good general engineering background who have had little experience in instrumentation and control. It favours marine engineering, but students and engineers in other industries should find it a useful reference as the subject has a common basis. The text is presented from basic principles, using analogues where appropriate. | ||
| 650 | _aEngineering instruments | ||
| 650 | _aAutomatic control | ||
| 650 | _aFeedback control systems | ||
| 650 | _aMarine engineering | ||
| 942 | _cRT | ||